[Event "C'est un classique III-B"]
[Site "chess.com"]
[Date "2020.11.15"]
[Round "1.10"]
[White "Blanchard, Pierre"]
[Black "Laporte, Michel"]
[Result "1-0"]
[WhiteElo "1281"]
[BlackElo "1586"]
[PlyCount "61"]
[EventDate "2020.11.15"]
[EventType "swiss"]
[EventRounds "5"]
[EventCountry "CAN"]

1. e4 g6 2. d4 d6 3. Nc3 Bg7 4. Be3 e6 5. Qd2 Ne7 6. h4 Nd7 7. h5 gxh5 8. Be2
Nf6 9. Bh6 O-O 10. Bxg7 Kxg7 11. Bxh5 e5 12. Qg5+ Ng6 13. Bxg6 fxg6 14. Qh6+
Kg8 15. Nf3 Qe7 16. dxe5 dxe5 17. O-O-O Ng4 18. Qd2 c6 19. Rdf1 Be6 20. Qg5
Qxg5+ 21. Nxg5 Bc4 22. Re1 h6 23. f3 hxg5 24. fxg4 Rf4 25. Rh6 Kg7 26. Reh1 b5
27. Rh7+ Kf6 28. Rc7 Rxg4 29. Rhh7 b4 30. Rxc6+ Be6 31. Nd5# 1-0

[Event "C'est un classique III-B"]
[Site "chess.com"]
[Date "2020.11.15"]
[Round "1.11"]
[White "Geneau, Antoine"]
[Black "Perez, Phil"]
[Result "0-1"]
[WhiteElo "1550"]
[BlackElo "1279"]
[PlyCount "50"]
[EventDate "2020.11.15"]
[EventType "swiss"]
[EventRounds "5"]
[EventCountry "CAN"]

1. e4 c5 2. Nf3 e6 3. d4 cxd4 4. Nxd4 a6 5. Bc4 Qc7 6. Bb3 Bc5 7. Nc3 Nc6 8.
Be3 d6 9. a4 Nf6 10. f3 O-O 11. O-O Qb6 12. Nce2 e5 13. c3 exd4 14. cxd4 Bb4
15. Qd3 Qa5 16. Bc2 Re8 17. Ng3 Be6 18. h3 Rac8 19. b3 Bc3 20. Rab1 Nxd4 21.
Bxd4 Bxd4+ 22. Qxd4 Rxc2 23. b4 Qg5 24. Rf2 Rec8 25. Kh2 Qf4 0-1

[Event "C'est un classique III-B"]
[Site "chess.com"]
[Date "2020.11.15"]
[Round "1.12"]
[White "Miousse, Eric"]
[Black "Dugas, Hugues"]
[Result "1-0"]
[WhiteElo "1250"]
[BlackElo "1488"]
[PlyCount "113"]
[EventDate "2020.11.15"]
[EventType "swiss"]
[EventRounds "5"]
[EventCountry "CAN"]

1. e4 g6 2. d4 d6 3. Nf3 Bg7 4. c3 Nh6 5. h3 f6 6. Bc4 e6 7. Be3 Nf7 8. Nbd2
O-O 9. O-O Kh8 10. a4 e5 11. a5 a6 12. b4 Nd7 13. Bd5 c6 14. Bb3 Nb8 15. Nc4
Nd7 16. Qd2 Qe7 17. Rfd1 Rd8 18. Rac1 d5 19. exd5 cxd5 20. Nb2 e4 21. Nh2 Nf8
22. Na4 Be6 23. Nb6 Rab8 24. Bf4 Nd6 25. Bxd5 Bxd5 26. Nxd5 Qf7 27. Nb6 g5 28.
Bg3 Qe7 29. Re1 Nd7 30. Bxd6 Qxd6 31. Nxd7 Qxd7 32. Rxe4 f5 33. Re2 g4 34. hxg4
fxg4 35. Qg5 Rg8 36. Qe7 Qf5 37. Qe4 Qg5 38. Rce1 h5 39. g3 Rgf8 40. Qc2 h4 41.
gxh4 Qxh4 42. Re4 Rf5 43. Re8+ Rxe8 44. Rxe8+ Rf8 45. Rxf8+ Bxf8 46. Qe4 Bd6
47. Qe8+ Kh7 48. Qd7+ Be7 49. Qxg4 Qf6 50. Qh5+ Kg8 51. Ng4 Qg7 52. Kf1 Kf8 53.
Qf5+ Ke8 54. Ne5 Qh6 55. Qc8+ Bd8 56. Qd7+ Kf8 57. Qf7# 1-0

[Event "C'est un classique III-B"]
[Site "chess.com"]
[Date "2020.11.15"]
[Round "1.13"]
[White "Imbeault, Marc"]
[Black "Montmarquette, Yves"]
[Result "1-0"]
[WhiteElo "1190"]
[BlackElo "1475"]
[PlyCount "199"]
[EventDate "2020.11.15"]
[EventType "swiss"]
[EventRounds "5"]
[EventCountry "CAN"]

1. e4 c5 2. Nf3 g6 3. d3 Bg7 4. g3 Nc6 5. Bg2 d6 6. O-O Nf6 7. Nc3 O-O 8. Re1
Nd7 9. Nd5 e6 10. Ne3 Nde5 11. c3 Rb8 12. Nxe5 Bxe5 13. Ng4 Bg7 14. Bh6 e5 15.
Bxg7 Kxg7 16. Ne3 Be6 17. Rf1 Qd7 18. f4 f5 19. exf5 gxf5 20. Qh5 Kh8 21. Qh6
Qf7 22. Nc4 Rbd8 23. Bxc6 bxc6 24. fxe5 Bxc4 25. dxc4 Qg6 26. Qf4 Qg4 27. Qxg4
fxg4 28. Rxf8+ Rxf8 29. exd6 Rd8 30. Rd1 Rd7 31. Kf2 h5 32. Ke3 Kg7 33. Ke4 Kf6
34. Kf4 Ke6 35. Kg5 Rg7+ 36. Kxh5 Kd7 37. Kh4 Rh7+ 38. Kxg4 Rxh2 39. Kf4 Rxb2
40. g4 Rc2 41. g5 Rxc3 42. g6 Rxc4+ 43. Kf5 Rc2 44. Kf6 Rf2+ 45. Kg7 Rg2 46.
Kf7 Rf2+ 47. Kg8 Rf6 48. g7 Rg6 49. Kf7 Rg2 50. Rf1 Kxd6 51. g8=Q Rxg8 52. Kxg8
Kd5 53. Rf4 c4 54. Rh4 Kc5 55. Kf7 Kb4 56. Ke6 a5 57. Kd6 c5 58. Kd5 Ka3 59.
Rxc4 Kxa2 60. Kxc5 Kb3 61. Rh4 a4 62. Rb4+ Ka3 63. Kb5 Ka2 64. Rxa4+ Kb2 65.
Rh4 Kc3 66. Kc5 Kd3 67. Kd5 Ke3 68. Ke5 Kf3 69. Kf5 Ke3 70. Re4+ Kd3 71. Ke5
Kc3 72. Kd5 Kd3 73. Ke5 Kc3 74. Rd4 Kb3 75. Kd5 Kc3 76. Kc5 Kb3 77. Rd3+ Kc2
78. Kc4 Kb2 79. Kd4 Kc2 80. Kc4 Kb2 81. Rc3 Ka2 82. Kb4 Kb2 83. Kc4 Ka2 84. Rb3
Ka1 85. Kb4 Ka2 86. Ka4 Ka1 87. Kb5 Ka2 88. Rb4 Ka3 89. Kc4 Ka2 90. Kc3 Ka3 91.
Rb8 Ka4 92. Kc4 Ka5 93. Kc5 Ka4 94. Kc4 Ka5 95. Rb1 Ka6 96. Kc5 Ka7 97. Kc6 Ka8
98. Rb2 Ka7 99. Rb1 Ka8 100. Kc7 1-0

[Event "C'est un classique III-B"]
[Site "chess.com"]
[Date "2020.11.15"]
[Round "1.14"]
[White "Loevenich, Anna"]
[Black "Courtemanche, Sylvain"]
[Result "0-1"]
[WhiteElo "930"]
[BlackElo "1440"]
[PlyCount "47"]
[EventDate "2020.11.15"]
[EventType "swiss"]
[EventRounds "5"]
[EventCountry "CAN"]

1. d4 Nf6 2. Bg5 Ne4 3. Bf4 c5 4. f3 Qa5+ 5. c3 Nf6 6. Nd2 cxd4 7. cxd4 Nd5 8.
Qc1 Nc6 9. Bg3 Ne3 10. Bf2 Nxf1 11. Kxf1 d5 12. e3 Qb5+ 13. Ne2 e5 14. Ke1 Nb4
15. Kf1 exd4 16. exd4 Bf5 17. g4 Bd3 18. Qd1 Rc8 19. Be3 Nc2 20. Kf2 Nxa1 21.
Nc3 Qxb2 22. Nxd5 Nc2 23. Qb1 Qxb1 24. Rc1 0-1

[Event "C'est un classique III-B"]
[Site "chess.com"]
[Date "2020.11.15"]
[Round "1.15"]
[White "Cormier, Benoit"]
[Black "Adam, Gabriel"]
[Result "1-0"]
[WhiteElo "1393"]
[BlackElo "861"]
[PlyCount "71"]
[EventDate "2020.11.15"]
[EventType "swiss"]
[EventRounds "5"]
[EventCountry "CAN"]

1. e4 e5 2. Nf3 Nc6 3. Bb5 a6 4. Ba4 Bc5 5. O-O Nd4 6. c3 Nxf3+ 7. Qxf3 Nf6 8.
d3 O-O 9. Bg5 Be7 10. Bb3 Nxe4 11. Bxe7 Ng5 12. Bxg5 Qxg5 13. Qe3 Qg6 14. Nd2
d6 15. Rac1 Be6 16. c4 Rfe8 17. Bc2 d5 18. Qxe5 Bh3 19. Qg3 Qxg3 20. fxg3 Bg4
21. Nf3 dxc4 22. dxc4 b5 23. Bb3 bxc4 24. Bxc4 Bxf3 25. Rxf3 Rf8 26. Rcf1 Rae8
27. Bxf7+ Rxf7 28. Rxf7 h6 29. Rxc7 Re2 30. Rb7 Kh7 31. Rff7 Re1+ 32. Kf2 Rc1
33. Rxg7+ Kh8 34. Rgc7 Rd1 35. Rb8+ Rd8 36. Rxd8# 1-0

[Event "C'est un classique III-B"]
[Site "chess.com"]
[Date "2020.11.22"]
[Round "2.10"]
[White "Courtemanche, Sylvain"]
[Black "Yang, Jing Yao"]
[Result "0-1"]
[WhiteElo "1440"]
[BlackElo "1309"]
[PlyCount "80"]
[EventDate "2020.11.15"]
[EventType "swiss"]
[EventRounds "5"]
[EventCountry "CAN"]

1. e4 c5 2. Nf3 d6 3. d4 cxd4 4. Nxd4 Nf6 5. Nc3 g6 6. Be3 Bg7 7. Qd2 O-O 8. f3
Nc6 9. Bc4 Bd7 10. O-O-O Rc8 11. Bb3 a6 12. g4 b5 13. g5 Nh5 14. Kb1 b4 15.
Nce2 a5 16. Ng3 Nxd4 17. Bxd4 a4 18. Bd5 e6 19. Bb7 Rb8 20. Nxh5 Bxd4 21. Qxd4
gxh5 22. Ba6 Rb6 23. Be2 e5 24. Qf2 Qc7 25. Qh4 a3 26. Qxh5 axb2 27. f4 exf4
28. Bd3 Be6 29. e5 f5 30. exf6 Qa7 31. a4 bxa3 32. f7+ Rxf7 33. Bxh7+ Kf8 34.
Qh6+ Ke7 35. Qxe6+ Kxe6 36. Rhe1+ Kd7 37. Ka2 Rxh7 38. g6 Rg7 39. Rf1 Qa4 40.
h4 Qxc2 0-1

[Event "C'est un classique III-B"]
[Site "chess.com"]
[Date "2020.11.22"]
[Round "2.11"]
[White "Perez, Phil"]
[Black "Cormier, Benoit"]
[Result "1-0"]
[WhiteElo "1279"]
[BlackElo "1393"]
[PlyCount "121"]
[EventDate "2020.11.15"]
[EventType "swiss"]
[EventRounds "5"]
[EventCountry "CAN"]

1. e4 c5 2. Nf3 Nc6 3. d4 cxd4 4. Nxd4 Nf6 5. Nc3 e5 6. Ndb5 d6 7. f3 a6 8. Na3
b5 9. Bxb5 axb5 10. Naxb5 Ba6 11. Be3 Be7 12. a4 O-O 13. Nd5 Nxd5 14. exd5 Na5
15. b3 Bh4+ 16. g3 Bf6 17. Rb1 Bxb5 18. axb5 Bg5 19. Bf2 f5 20. O-O f4 21. Kg2
fxg3 22. hxg3 Qd7 23. Qd3 Qf5 24. Qe2 Rae8 25. Ra1 Nb7 26. Ra7 Rf7 27. f4 Bf6
28. Rh1 g6 29. g4 Qxf4 30. Be3 Qe4+ 31. Kg1 Bg5 32. Rh3 Bxe3+ 33. Rxe3 Qd4 34.
Ra4 Qxd5 35. c4 Qe6 36. Ra6 Nc5 37. Rc6 Rf4 38. Rg3 Re4 39. Qd1 Rd4 40. Qf3 Rf8
41. Qe2 Ne4 42. Rg2 Nc3 43. Qe3 Nd1 44. Qg5 Nc3 45. Rc7 Ne4 46. Qh4 Rf7 47. b6
g5 48. Qe1 Rxc7 49. bxc7 Qc8 50. Qa5 Nf6 51. Qb6 Nd7 52. Qa5 Rd1+ 53. Kh2 Rd3
54. b4 Rd4 55. Kh3 Rxc4 56. Qd5+ Kg7 57. Qxc4 Nf6 58. b5 d5 59. Qc6 h5 60. Qa6
hxg4+ 61. Kh2 1-0

[Event "C'est un classique III-B"]
[Site "chess.com"]
[Date "2020.11.22"]
[Round "2.12"]
[White "Poulin, Simon"]
[Black "Blanchard, Pierre"]
[Result "0-1"]
[WhiteElo "1382"]
[BlackElo "1281"]
[PlyCount "46"]
[EventDate "2020.11.15"]
[EventType "swiss"]
[EventRounds "5"]
[EventCountry "CAN"]

1. e4 c5 2. Nf3 Nc6 3. d4 cxd4 4. Nxd4 Nf6 5. Nc3 e5 6. Nf3 Bb4 7. Bd2 O-O 8.
Be2 Bxc3 9. Bxc3 Nxe4 10. Qd3 Nxc3 11. Qxc3 d6 12. h3 Be6 13. Kd1 Rc8 14. Re1
Nd4 15. Qd3 Bf5 16. Nxd4 Bxd3 17. Bxd3 exd4 18. Re4 Re8 19. Rxe8+ Qxe8 20. Kd2
Qd7 21. Re1 Re8 22. Rf1 g6 23. f4 Qe6 0-1

[Event "C'est un classique III-B"]
[Site "chess.com"]
[Date "2020.11.22"]
[Round "2.13"]
[White "Bilodeau-Savaria, Karl"]
[Black "Adam, Sebastien"]
[Result "0-1"]
[WhiteElo "759"]
[BlackElo "1327"]
[PlyCount "80"]
[EventDate "2020.11.15"]
[EventType "swiss"]
[EventRounds "5"]
[EventCountry "CAN"]

1. d4 d5 2. c4 c6 3. Nf3 Bf5 4. Nc3 e6 5. e3 Nf6 6. Bd3 Ne4 7. Bxe4 Bxe4 8.
Nxe4 dxe4 9. Nd2 f5 10. O-O Qg5 11. f4 Qg6 12. h3 h5 13. Kh2 Be7 14. Rg1 h4 15.
g3 hxg3+ 16. Rxg3 Qh6 17. Qg1 Bf6 18. b3 Nd7 19. Ba3 c5 20. Bb2 O-O-O 21. Qg2
Rdg8 22. Rg1 Rh7 23. Rg6 Qh5 24. Ba1 Rgh8 25. Rg3 g5 26. fxg5 Bxg5 27. dxc5 e5
28. b4 f4 29. exf4 Bxf4 30. Nxe4 Bxg3+ 31. Kxg3 Rg8+ 32. Kh2 Rxg2+ 33. Kxg2
Qxh3+ 34. Kf2 Qh2+ 35. Rg2 Rf7+ 36. Ke3 Qxg2 37. Nd6+ Kc7 38. Nxf7 Qg1+ 39. Ke4
Qxa1 40. Nxe5 Qxe5+ 0-1

[Event "C'est un classique III-B"]
[Site "chess.com"]
[Date "2020.11.22"]
[Round "2.14"]
[White "Georgescu-Nicolau, Luca"]
[Black "Miousse, Eric"]
[Result "1-0"]
[WhiteElo "1314"]
[BlackElo "1250"]
[PlyCount "99"]
[EventDate "2020.11.15"]
[EventType "swiss"]
[EventRounds "5"]
[EventCountry "CAN"]

1. d4 Nf6 2. Nf3 g6 3. c4 Bg7 4. Nc3 d6 5. e4 O-O 6. Bg5 Nbd7 7. Be2 h6 8. Be3
Ng4 9. O-O Nxe3 10. fxe3 e5 11. d5 f5 12. Qe1 Nf6 13. exf5 Bxf5 14. Nh4 Qd7 15.
h3 Ne4 16. g4 Nxc3 17. Qxc3 Be4 18. Bd3 Bxd3 19. Qxd3 g5 20. Nf5 Rf7 21. e4
Raf8 22. b4 b6 23. Rfb1 a6 24. a4 Ra8 25. a5 b5 26. cxb5 Qxb5 27. Qxb5 axb5 28.
Rc1 Ra6 29. Rc6 Rxc6 30. dxc6 Rf8 31. a6 Ra8 32. Ne7+ Kh7 33. Nd5 Ra7 34. Nxc7
Rxc7 35. a7 Rxc6 36. a8=Q Rc4 37. Rb1 Rc3 38. Qd5 Bf8 39. Qxb5 Rxh3 40. Qd7+
Kg8 41. Qe6+ Kg7 42. Rb3 Rh4 43. Rf3 Rxg4+ 44. Qxg4 h5 45. Qd7+ Kg8 46. Qf7+
Kh8 47. Qxf8+ Kh7 48. Rf7+ Kg6 49. Qg8+ Kh6 50. Rh7# 1-0

[Event "C'est un classique III-B"]
[Site "chess.com"]
[Date "2020.11.29"]
[Round "3.8"]
[White "Adam, Sebastien"]
[Black "Perez, Phil"]
[Result "0-1"]
[WhiteElo "1327"]
[BlackElo "1279"]
[PlyCount "50"]
[EventDate "2020.11.15"]
[EventType "swiss"]
[EventRounds "5"]
[EventCountry "CAN"]

1. e4 c5 2. Nf3 e6 3. d4 cxd4 4. Nxd4 a6 5. Nc3 Qc7 6. Bd2 Nf6 7. Bd3 Bc5 8.
Nf3 d5 9. exd5 exd5 10. Qe2+ Be7 11. h3 Nc6 12. a3 O-O 13. O-O-O b5 14. Bg5 b4
15. Bxf6 Bxf6 16. Nxd5 Bxb2+ 17. Kxb2 bxa3+ 18. Ka1 Qa5 19. Ng5 g6 20. Qe4 Bf5
21. Nf6+ Kg7 22. Qxc6 Rac8 23. Qxc8 Rxc8 24. Nfe4 Qe5+ 25. c3 Rxc3 0-1

[Event "C'est un classique III-B"]
[Site "chess.com"]
[Date "2020.11.29"]
[Round "3.9"]
[White "Blanchard, Pierre"]
[Black "Georgescu-Nicolau, Luca"]
[Result "1-0"]
[WhiteElo "1281"]
[BlackElo "1314"]
[PlyCount "89"]
[EventDate "2020.11.15"]
[EventType "swiss"]
[EventRounds "5"]
[EventCountry "CAN"]

1. e4 e5 2. Nc3 Nf6 3. f4 exf4 4. e5 Ng8 5. Nf3 Nc6 6. d4 d5 7. Bxf4 Be6 8. Bb5
Bb4 9. O-O Nge7 10. Qd3 a6 11. Bxc6+ Nxc6 12. Bg5 Be7 13. Be3 O-O 14. Ne2 h6
15. Qd2 Bf5 16. Ng3 Bg6 17. a3 b6 18. b4 a5 19. b5 Na7 20. a4 c6 21. bxc6 Nxc6
22. c3 f6 23. Nh4 Bh7 24. Bxh6 gxh6 25. Qxh6 Rf7 26. Nh5 Qf8 27. Qxf8+ Raxf8
28. e6 Rg7 29. Nxg7 Kxg7 30. Nf5+ Bxf5 31. Rxf5 Nd8 32. Re1 Kg6 33. Rxd5 f5 34.
Rb5 Rf6 35. Rxb6 f4 36. Ra6 f3 37. Rf1 Nxe6 38. Rxf3 Rxf3 39. gxf3 Kf7 40. Rxa5
Kf6 41. Kf2 Nf4 42. Ke3 Ng2+ 43. Ke4 Ne1 44. Ra6+ Kf7 45. d5 1-0

[Event "C'est un classique III-B"]
[Site "chess.com"]
[Date "2020.11.29"]
[Round "3.10"]
[White "Yang, Jing Yao"]
[Black "Imbeault, Marc"]
[Result "1-0"]
[WhiteElo "1309"]
[BlackElo "1190"]
[PlyCount "67"]
[EventDate "2020.11.15"]
[EventType "swiss"]
[EventRounds "5"]
[EventCountry "CAN"]

1. d4 d5 2. Bf4 e6 3. e3 c5 4. c3 Nc6 5. Nf3 Bd6 6. Bg3 Nf6 7. Nbd2 O-O 8. Bd3
c4 9. Bc2 b5 10. Ne5 Bxe5 11. dxe5 Nd7 12. f4 f5 13. exf6 Nxf6 14. O-O a5 15.
e4 dxe4 16. Nxe4 Bb7 17. Nxf6+ Rxf6 18. Qh5 Rh6 19. Qxb5 Qc8 20. Be4 Nd4 21.
Qxb7 Ne2+ 22. Kf2 Qxb7 23. Bxb7 Nxg3 24. Bxa8 Nxf1 25. Rxf1 Rxh2 26. Rd1 Kf7
27. Rd4 Rh1 28. Rxc4 Rc1 29. Be4 g6 30. Ra4 Rd1 31. Ke2 Rh1 32. Rxa5 Rh4 33.
Kf3 Rh1 34. b4 1-0

[Event "C'est un classique III-B"]
[Site "chess.com"]
[Date "2020.11.29"]
[Round "3.11"]
[White "Dugas, Hugues"]
[Black "Adam, Gabriel"]
[Result "1-0"]
[WhiteElo "1488"]
[BlackElo "861"]
[PlyCount "77"]
[EventDate "2020.11.15"]
[EventType "swiss"]
[EventRounds "5"]
[EventCountry "CAN"]

1. g3 e5 2. Bg2 Nf6 3. Nh3 h6 4. O-O d6 5. f3 Be7 6. Nf2 O-O 7. d3 Nc6 8. e4
Be6 9. f4 Nd7 10. f5 Bxf5 11. exf5 Nd4 12. Bxb7 Rb8 13. Be4 Nc5 14. c3 Nxe4 15.
dxe4 Nb5 16. a4 Nxc3 17. Nxc3 c6 18. Qg4 f6 19. Bxh6 Rf7 20. Bc1 d5 21. exd5
cxd5 22. h4 e4 23. h5 Bd6 24. Nxd5 Be5 25. Rd1 Qa5 26. Qxe4 Bxg3 27. b4 Qa6 28.
b5 Qa5 29. Bd2 Qd8 30. Bh6 gxh6 31. Ng4 Rbb7 32. Nxh6+ Kh7 33. Nxf7 Rxf7 34.
Rd2 Rg7 35. Rg2 Qc8 36. Nxf6+ Kh6 37. Qe3+ Rg5 38. Rxg3 Qf8 39. Qxg5# 1-0

[Event "C'est un classique III-B"]
[Site "chess.com"]
[Date "2020.11.29"]
[Round "3.12"]
[White "Courtemanche, Sylvain"]
[Black "Bilodeau-Savaria, Karl"]
[Result "1-0"]
[WhiteElo "1440"]
[BlackElo "759"]
[PlyCount "75"]
[EventDate "2020.11.15"]
[EventType "swiss"]
[EventRounds "5"]
[EventCountry "CAN"]

1. e4 c5 2. Nf3 d6 3. d4 cxd4 4. Nxd4 e5 5. Bb5+ Bd7 6. Bxd7+ Nxd7 7. Nf5 Ngf6
8. Nc3 g6 9. Nxd6+ Bxd6 10. Qxd6 Qe7 11. Qxe7+ Kxe7 12. Bg5 h6 13. Nd5+ Ke6 14.
Bxf6 Nxf6 15. Nc7+ Kd7 16. Nxa8 Rxa8 17. Rd1+ Ke7 18. f3 Rc8 19. Rd2 g5 20. Ke2
Rc6 21. a4 a5 22. Rhd1 h5 23. b3 h4 24. Rc1 b6 25. Rd3 Rd6 26. Rcd1 Ne8 27. Rd5
f6 28. Rb5 Nc7 29. Rxd6 Kxd6 30. Rxb6+ Ke7 31. Rb7 Kd7 32. Ra7 h3 33. gxh3 Kc6
34. Rxa5 Kb6 35. b4 Kc6 36. c4 g4 37. hxg4 Kb6 38. h4 1-0

[Event "C'est un classique III-B"]
[Site "chess.com"]
[Date "2020.12.06"]
[Round "4.8"]
[White "Blanchard, Pierre"]
[Black "Yang, Jing Yao"]
[Result "1-0"]
[WhiteElo "1281"]
[BlackElo "1309"]
[PlyCount "43"]
[EventDate "2020.11.15"]
[EventType "swiss"]
[EventRounds "5"]
[EventCountry "CAN"]

1. e4 e5 2. Nc3 Nf6 3. f4 d5 4. fxe5 Nxe4 5. Qf3 Nxc3 6. bxc3 Nc6 7. Bb5 Be6 8.
Ne2 a6 9. Bxc6+ bxc6 10. O-O Be7 11. d4 O-O 12. Ng3 Bg5 13. Ba3 Be7 14. Bxe7
Qxe7 15. Nh5 Qg5 16. Nf4 Rab8 17. Rab1 Bf5 18. Nh3 Bxh3 19. Qxf7+ Rxf7 20.
Rxb8+ Qd8 21. Rxd8+ Rf8 22. Rdxf8# 1-0

[Event "C'est un classique III-B"]
[Site "chess.com"]
[Date "2020.12.06"]
[Round "4.9"]
[White "Perez, Phil"]
[Black "Dugas, Hugues"]
[Result "0-1"]
[WhiteElo "1279"]
[BlackElo "1488"]
[PlyCount "196"]
[EventDate "2020.11.15"]
[EventType "swiss"]
[EventRounds "5"]
[EventCountry "CAN"]

1. e4 g6 2. d4 Bg7 3. Nc3 d6 4. Bc4 e6 5. Nf3 Nh6 6. Be3 f6 7. h4 Nf7 8. h5 g5
9. Qe2 a6 10. d5 e5 11. Qd3 Nh6 12. Ne2 Nd7 13. b4 Ng4 14. Bd2 O-O 15. Ng3 Nb6
16. Bb3 Bd7 17. a3 Qe8 18. c4 Nc8 19. Nf5 Bxf5 20. exf5 e4 21. Qd4 exf3+ 22.
Be3 fxg2 23. Rg1 Nxe3 24. fxe3 Qxh5 25. Rxg2 Qh1+ 26. Kf2 Qh4+ 27. Qxh4 gxh4
28. Rag1 Rf7 29. c5 Kh8 30. Rg4 Re7 31. Rxh4 Na7 32. Rgh1 h6 33. a4 Rae8 34.
R1h3 Re4 35. cxd6 cxd6 36. b5 Rxh4 37. Rxh4 axb5 38. axb5 Re5 39. e4 Nxb5 40.
Ba4 Nc3 41. Bc2 b5 42. Ke3 Re8 43. Kd4 Rc8 44. Bb3 Ne2+ 45. Ke3 Rc3+ 46. Kxe2
Rxb3 47. Kd2 Kh7 48. Kc2 Re3 49. Kd2 Ra3 50. Kc2 b4 51. Kb2 Bf8 52. Rh1 Be7 53.
Rc1 Rc3 54. Re1 h5 55. Rh1 Kh6 56. Ra1 Ra3 57. Rc1 Rc3 58. Rg1 h4 59. Rg8 h3
60. Re8 h2 61. Rh8+ Kg7 62. Rxh2 Re3 63. Rh4 Bd8 64. Kc2 Bb6 65. Rg4+ Kf7 66.
Rh4 Kg7 67. Kd2 b3 68. Kc1 Bd4 69. Kd2 b2 70. Rh1 Rxe4 71. Kd3 Re5 72. Kxd4
Rxf5 73. Rb1 Rf2 74. Ke3 Rh2 75. Kf4 Kf7 76. Kf5 Rf2+ 77. Ke4 Kg6 78. Ke3 Rh2
79. Kf4 f5 80. Rg1+ Kf6 81. Rb1 Rf2+ 82. Ke3 Rh2 83. Kf4 Rh4+ 84. Kg3 Rb4 85.
Kf3 Ke5 86. Ke3 Kxd5 87. Kd3 f4 88. Kc3 Rc4+ 89. Kb3 Kc5 90. Ka2 Rb4 91. Ka3 f3
92. Ka2 f2 93. Ka3 Kc4 94. Ka2 Kc3 95. Ka3 Rb3+ 96. Ka2 Kc2 97. Rf1 b1=Q+ 98.
Rxb1 Rxb1 0-1

[Event "C'est un classique III-B"]
[Site "chess.com"]
[Date "2020.12.06"]
[Round "4.12"]
[White "Georgescu-Nicolau, Luca"]
[Black "Imbeault, Marc"]
[Result "1-0"]
[WhiteElo "1314"]
[BlackElo "1190"]
[PlyCount "67"]
[EventDate "2020.11.15"]
[EventType "swiss"]
[EventRounds "5"]
[EventCountry "CAN"]

1. d4 d5 2. c4 e6 3. Nc3 c5 4. Nf3 Nc6 5. dxc5 d4 6. Nb5 Bxc5 7. Bf4 Bb6 8. a3
Nf6 9. c5 Nd5 10. cxb6 Nxf4 11. Nc7+ Ke7 12. Nxa8 Bd7 13. Nc7 axb6 14. Nb5 Qa8
15. Nbxd4 Rd8 16. Nxc6+ Bxc6 17. Qb3 Nd5 18. Qc2 Nf6 19. Rd1 Qa5+ 20. Qc3 Rxd1+
21. Kxd1 Qd5+ 22. Qd4 Qb3+ 23. Ke1 Ne4 24. Qb4+ Nc5 25. Qxb3 Nxb3 26. e3 Kf6
27. Nd4 Nc5 28. Nxc6 bxc6 29. Be2 Ke5 30. Kd1 Ne4 31. Rf1 f5 32. Bf3 g5 33.
Bxe4 Kxe4 34. Kc2 1-0

[Event "C'est un classique III-B"]
[Site "chess.com"]
[Date "2020.12.06"]
[Round "4.13"]
[White "Loevenich, Anna"]
[Black "Miousse, Eric"]
[Result "0-1"]
[WhiteElo "930"]
[BlackElo "1250"]
[PlyCount "86"]
[EventDate "2020.11.15"]
[EventType "swiss"]
[EventRounds "5"]
[EventCountry "CAN"]

1. d4 Nf6 2. Bg5 h6 3. Bh4 d6 4. e3 Nbd7 5. Bd3 b6 6. f4 Bb7 7. Nf3 g6 8. Bxf6
Nxf6 9. Nbd2 Bg7 10. Qe2 e6 11. e4 O-O 12. h3 Nh5 13. Qf2 Nxf4 14. O-O-O Nxd3+
15. cxd3 Rc8 16. Kb1 a5 17. Nf1 c5 18. Ng3 cxd4 19. Nxd4 d5 20. Rhe1 e5 21. Nf3
d4 22. Nh1 Rc5 23. g4 Qd7 24. Ng3 a4 25. a3 Rfc8 26. Rc1 Ba6 27. Qd2 Qb5 28.
Rxc5 Rxc5 29. Rc1 Rxc1+ 30. Kxc1 Qxd3 31. Qxd3 Bxd3 32. Kd2 Bc4 33. h4 Kf8 34.
g5 h5 35. Ne2 Bxe2 36. Kxe2 Ke7 37. Kd3 f6 38. Kc4 Kd7 39. Kb5 Kc7 40. Kxa4 f5
41. exf5 gxf5 42. Kb4 e4 43. Ng1 d3 0-1

[Event "C'est un classique III-B"]
[Site "chess.com"]
[Date "2020.12.06"]
[Round "4.14"]
[White "Montmarquette, Yves"]
[Black "Bilodeau-Savaria, Karl"]
[Result "1/2-1/2"]
[WhiteElo "1406"]
[BlackElo "759"]
[PlyCount "26"]
[EventDate "2020.11.15"]
[EventType "swiss"]
[EventRounds "5"]
[EventCountry "CAN"]

1. c4 e5 2. g3 Nf6 3. Bg2 Nc6 4. d3 d5 5. cxd5 Nxd5 6. Nc3 Be6 7. Nf3 Bb4 8.
Bd2 O-O 9. O-O f6 10. Rc1 Re8 11. h3 g5 12. Ne4 h6 13. a3 Be7 1/2-1/2

[Event "C'est un classique III-B"]
[Site "chess.com"]
[Date "2020.12.06"]
[Round "4.16"]
[White "Adam, Gabriel"]
[Black "Poulin, Simon"]
[Result "1-0"]
[WhiteElo "861"]
[BlackElo "1382"]
[PlyCount "101"]
[EventDate "2020.11.15"]
[EventType "swiss"]
[EventRounds "5"]
[EventCountry "CAN"]

1. e4 c5 2. Bc4 Nc6 3. Nf3 d6 4. O-O Nf6 5. d3 e6 6. Bg5 Be7 7. Nc3 d5 8. exd5
exd5 9. Bxf6 dxc4 10. Bxe7 Nxe7 11. dxc4 O-O 12. Re1 Qc7 13. Nb5 Qb6 14. Rxe7
Be6 15. Qd3 Rad8 16. Qe2 Rd7 17. Rxd7 Bxd7 18. Ng5 f6 19. Nxh7 Kxh7 20. Qd3+
Kg8 21. Qxd7 Rd8 22. Qh3 a6 23. Nc3 Qd6 24. Qf3 Rd7 25. Rd1 Qe6 26. Qe3 Rxd1+
27. Nxd1 Qd7 28. Nc3 Qc6 29. h3 b5 30. Qf3 Qxf3 31. gxf3 b4 32. Na4 Kf7 33.
Nxc5 a5 34. a3 Ke7 35. axb4 axb4 36. Nd3 Kd6 37. Nxb4 Kc5 38. Na6+ Kxc4 39. f4
Kb5 40. Nc7+ Kc5 41. Ne8 Kd5 42. Nxg7 Ke4 43. b4 Kxf4 44. b5 Ke5 45. b6 Kd6 46.
h4 Kc6 47. h5 Kxb6 48. h6 Kc6 49. h7 Kd6 50. h8=Q Ke5 51. Qe8+ 1-0

[Event "C'est un classique III-B"]
[Site "chess.com"]
[Date "2020.12.13"]
[Round "5.9"]
[White "Yang, Jing Yao"]
[Black "Dugas, Hugues"]
[Result "1-0"]
[WhiteElo "1309"]
[BlackElo "1488"]
[PlyCount "83"]
[EventDate "2020.11.15"]
[EventType "swiss"]
[EventRounds "5"]
[EventCountry "CAN"]

1. d4 g6 2. e4 Bg7 3. Nf3 d6 4. Nc3 Nh6 5. Bc4 e6 6. h3 O-O 7. Be3 f6 8. O-O
Nf7 9. Qe2 Kh8 10. Rad1 e5 11. dxe5 fxe5 12. Bxf7 Rxf7 13. Ng5 Rf8 14. Qc4 Qd7
15. Qe2 b6 16. b4 Nc6 17. Nf3 Nxb4 18. Qd2 Qf7 19. Ng5 Qg8 20. a3 Na6 21. Nd5
Re8 22. f4 h6 23. Nf3 exf4 24. Bxf4 g5 25. Bxg5 Qe6 26. Bf6 Qf7 27. Qxh6+ Kg8
28. Bxg7 Qxg7 29. Nf6+ Kf8 30. Qxg7+ Kxg7 31. Nxe8+ Kf7 32. Nxd6+ cxd6 33. Rxd6
Nc5 34. e5 Be6 35. Nd4+ Ke7 36. Nxe6 Nxe6 37. Rf6 Ng5 38. Rc6 Rd8 39. Rc7+ Rd7
40. Rxd7+ Kxd7 41. Rg6 Ke7 42. Rxg5 1-0

[Event "C'est un classique III-B"]
[Site "chess.com"]
[Date "2020.12.13"]
[Round "5.10"]
[White "Adam, Sebastien"]
[Black "Miousse, Eric"]
[Result "1/2-1/2"]
[WhiteElo "1327"]
[BlackElo "1250"]
[PlyCount "80"]
[EventDate "2020.11.15"]
[EventType "swiss"]
[EventRounds "5"]
[EventCountry "CAN"]

1. e4 c5 2. Nf3 d6 3. d4 cxd4 4. Nxd4 Bd7 5. Nc3 Nf6 6. Bd3 g6 7. h3 Bg7 8. Be3
Nc6 9. Nf3 O-O 10. a3 a6 11. Qd2 Rc8 12. Bh6 b5 13. Bxg7 Kxg7 14. b4 Qc7 15.
Nd5 Nxd5 16. exd5 Ne5 17. Nxe5 dxe5 18. Rc1 e6 19. dxe6 Bxe6 20. O-O Rfd8 21.
Qe3 f5 22. f3 Re8 23. Rfe1 Bd5 24. Qg5 Qe7 25. Qg3 Kf7 26. Re2 Rc3 27. Rce1 e4
28. fxe4 Bxe4 29. Qf2 Qf6 30. Bxe4 fxe4 31. Rxe4 Qxf2+ 32. Kxf2 Rxc2+ 33. Kf3
Rc3+ 34. R1e3 Rxe3+ 35. Kxe3 Rxe4+ 36. Kxe4 Ke6 37. Kd4 Kd6 38. g4 g5 39. Ke4
Ke6 40. Kd4 Kd6 1/2-1/2